आमचा बाप आन आम्ही स्वरूप आणि समिक्षा (Record no. 81216)

MARC details
000 -LEADER
fixed length control field 00589nam a2200145Ia 4500
008 - FIXED-LENGTH DATA ELEMENTS--GENERAL INFORMATION
fixed length control field 090123s9999 xx 000 0 und d
082 ## - DEWEY DECIMAL CLASSIFICATION NUMBER
Item number 43138
245 ## - TITLE STATEMENT
Title आमचा बाप आन आम्ही स्वरूप आणि समिक्षा
250 ## - EDITION STATEMENT
Edition statement 1
260 ## - PUBLICATION, DISTRIBUTION, ETC. (IMPRINT)
Date of publication, distribution, etc 2008
630 ## - SUBJECT ADDED ENTRY--UNIFORM TITLE
Uniform title आमचा बाप आन आम्ही स्वरूप आणि समिक्षा
700 ## - ADDED ENTRY--PERSONAL NAME
Personal name त्रिभुवन शैलेश
730 ## - ADDED ENTRY--UNIFORM TITLE
Uniform title आमचा बाप आन आम्ही स्वरूप आणि समिक्षा
942 ## - ADDED ENTRY ELEMENTS (KOHA)
Koha item type Book
Holdings
Withdrawn status Lost status Damaged status Not for loan Home library Current library Date acquired Cost, normal purchase price Total Checkouts Full call number Barcode Date last seen Cost, replacement price Price effective from Koha item type
        Jawahar Wachalanalaya, Kalwa Jawahar Wachalanalaya, Kalwa 10/22/2008 400.00   43138 KLW-43138 01/23/2009 400.00 01/23/2009 Book